Southville International School and Colleges
Your cart is empty.
  • Cart
  • Lists
    Public lists Eva Luna New books Lux_list list_1
    Your lists Log in to create your own lists
  • Log in to your account
  • Your cookies
  • Search history
Southville International School and Colleges
  • Advanced search
  • Recent comments
  • Most popular
  • Libraries

Log in to your account

Log in with GOOGLE


If you do not have an external account, but do have a local account, you can still log in:

  1. Home
  2. MARC view: Fundamentals of special radiographic procedures /
Normal view MARC view ISBD view

Fundamentals of special radiographic procedures / (Record no. 278739)

[ view plain ]
MARC details
000 -LEADER
fixed length control field 00990pam a2200277 a 4500
001 - CONTROL NUMBER
control field 3561471
005 - DATE AND TIME OF LATEST TRANSACTION
control field 20150127104706.0
008 - FIXED-LENGTH DATA ELEMENTS--GENERAL INFORMATION
fixed length control field 981104s1999 paua b 001 0 eng c
010 ## - LIBRARY OF CONGRESS CONTROL NUMBER
LC control number 98032246
020 ## - INTERNATIONAL STANDARD BOOK NUMBER
International Standard Book Number 9780721606323
040 ## - CATALOGING SOURCE
Original cataloging agency DNLM/DLC
Transcribing agency DLC
Modifying agency DLC
050 10 - LIBRARY OF CONGRESS CALL NUMBER
Classification number RC 78.7.D53
Item number .Sn59 2006
100 1# - MAIN ENTRY--PERSONAL NAME
Personal name Snopek, Albert Michael,
Dates associated with a name 1942-
245 10 - TITLE STATEMENT
Title Fundamentals of special radiographic procedures /
Statement of responsibility, etc Albert M. Snopek.
250 ## - EDITION STATEMENT
Edition statement 5th ed.
260 ## - PUBLICATION, DISTRIBUTION, ETC. (IMPRINT)
Place of publication, distribution, etc Philadelphia :
Name of publisher, distributor, etc Saunders,
Date of publication, distribution, etc c2006.
300 ## - PHYSICAL DESCRIPTION
Extent x, 472 pages :
Other physical details illustrations ;
Dimensions 26 cm.
504 ## - BIBLIOGRAPHY, ETC. NOTE
Bibliography, etc Includes bibliographical references and index.
521 ## - TARGET AUDIENCE NOTE
Target audience note Radiologist
650 12 - SUBJECT ADDED ENTRY--TOPICAL TERM
Topical term or geographic name as entry element Radiography
General subdivision methods.
650 #0 - SUBJECT ADDED ENTRY--TOPICAL TERM
Topical term or geographic name as entry element Diagnostic imaging.
650 12 - SUBJECT ADDED ENTRY--TOPICAL TERM
Topical term or geographic name as entry element Radiography
General subdivision methods.
906 ## - LOCAL DATA ELEMENT F, LDF (RLIN)
a 7
b cbc
c orignew
d 1
e ocip
f 19
g y-gencatlg
942 ## - ADDED ENTRY ELEMENTS (KOHA)
Source of classification or shelving scheme Library of Congress Classification
Koha item type Books
Holdings
Withdrawn status Lost status Source of classification or shelving scheme Damaged status Home library Current library Shelving location Date acquired Source of acquisition Sub Shelving location Total Checkouts Full call number Barcode Date last seen Date checked out Price effective from Koha item type
    Library of Congress Classification   South SEED-LPDH College Library South SEED-LPDH College Library South SEED-LPDH College Section 01/27/2015 Library Fund   2 RC 78.7.D53 .Sn59 2006 SSLC1398 05/15/2018 01/18/2016 01/27/2015 Books

Fundamentals of special radiographic procedures /

APA

Snopek A. M., . (2006). Fundamentals of special radiographic procedures. Philadelphia: Saunders.

Chicago

Snopek Albert Michael, . 2006. Fundamentals of special radiographic procedures. Philadelphia: Saunders.

Harvard

Snopek A. M., . (2006). Fundamentals of special radiographic procedures. Philadelphia: Saunders.

MLA

Snopek Albert Michael, . Fundamentals of special radiographic procedures. Philadelphia: Saunders. 2006.

  • Place hold
  • Print
  • Cite
  • Add to your cart (remove)
  • Save record
    BIBTEX Dublin Core MARCXML MARC (non-Unicode/MARC-8) MARC (Unicode/UTF-8) MARC (Unicode/UTF-8, Standard) MODS (XML) RIS
  • More searches
    Search for this title in:
    Other Libraries (WorldCat) Other Databases (Google Scholar) Online Stores (Bookfinder.com) Open Library (openlibrary.org)

Exporting to Dublin Core...

SOUTHVILLE LIBRARY

Southville International School and Colleges Library

1281 Tropical Ave. Cor. Luxembourg St., BF Homes International, Las Pinas City

Tel. No. 8256374 / 252358 Loc. 117/146

Powered by Koha